000 00732nam a2200253Ia 4500
003 OSt
005 20221006143315.0
006 a|||||r|||| 00| 0
007 ta
008 221006b |||||||| |||| 00| 0 eng d
020 _a8170271509
_c300.00
024 _a8,606
037 _cTextual
040 _aEASL
_cEASL
_beng
041 _2eng
_aeng
082 _aX8(D5133).42Oj44.N89, N0
100 _aNENKATARAMANI Raja
_9649623
245 0 _aJapan enters indian industry
_b The joint venture
260 _aNew Delhi
_bRadiant Publishers India
_c1990
300 _a248p.
_ccm.
490 _v JEL
942 _hX8(D5133).42Oj44.N89, N0
_cTEXL
_2CC
999 _c1076692
_d1076692